LIBRARY ONLINE CATALOGUE

Recovering the full mission of God : (Record no. 21721)

MARC details
000 -LEADER
fixed length control field 01244cam a2200337 i 4500
001 - CONTROL NUMBER
control field 17883075
003 - CONTROL NUMBER IDENTIFIER
control field OSt
005 - DATE AND TIME OF LATEST TRANSACTION
control field 20260619101758.0
008 - FIXED-LENGTH DATA ELEMENTS--GENERAL INFORMATION
fixed length control field 130911s2013 ilua b 001 0 eng
010 ## - LIBRARY OF CONGRESS CONTROL NUMBER
LC control number 2013028973
020 ## - INTERNATIONAL STANDARD BOOK NUMBER
International Standard Book Number 9780830840267
Qualifying information paperback : alkaline paper
035 ## - SYSTEM CONTROL NUMBER
System control number 17883075
040 ## - CATALOGING SOURCE
Original cataloging agency DLC
Language of cataloging eng
Transcribing agency DLC
Description conventions rda
Modifying agency DLC
042 ## - AUTHENTICATION CODE
Authentication code pcc
050 00 - LIBRARY OF CONGRESS CALL NUMBER
Classification number BS680.E86
Item number F54 2013
082 00 - DEWEY DECIMAL CLASSIFICATION NUMBER
Classification number 269/.2
Edition number 23
100 1# - MAIN ENTRY--PERSONAL NAME
Personal name Flemming, Dean E.,
Dates associated with a name 1953-
245 10 - TITLE STATEMENT
Title Recovering the full mission of God :
Remainder of title a Biblical perspective on being, doing, and telling /
Statement of responsibility, etc. Dean Flemming.
264 #1 - PRODUCTION, PUBLICATION, DISTRIBUTION, MANUFACTURE, AND COPYRIGHT NOTICE
Place of production, publication, distribution, manufacture Downers Grove, Illinois :
Name of producer, publisher, distributor, manufacturer IVP Academic, An imprint of InterVarsity Press,
Date of production, publication, distribution, manufacture, or copyright notice [2013]
300 ## - PHYSICAL DESCRIPTION
Extent 288 pages
Other physical details illustrations ;
Dimensions 23 cm
336 ## - CONTENT TYPE
Content type term text
Source rdacontent
337 ## - MEDIA TYPE
Media type term unmediated
Source rdamedia
338 ## - CARRIER TYPE
Carrier type term volume
Source rdacarrier
504 ## - BIBLIOGRAPHY, ETC. NOTE
Bibliography, etc Includes bibliographical references (pages 278-279) and indexes.
583 ## - ACTION NOTE
Action Cataloguing:
Time/date of action 20260619
Action agent gtanuigtanui
650 #0 - SUBJECT ADDED ENTRY--TOPICAL TERM
Topical term or geographic name as entry element Evangelistic work
General subdivision Biblical teaching.
650 #0 - SUBJECT ADDED ENTRY--TOPICAL TERM
Topical term or geographic name as entry element Missions
General subdivision Theory
-- Biblical teaching.
906 ## - LOCAL DATA ELEMENT F, LDF (RLIN)
a 7
b cbc
c orignew
d 1
e ecip
f 20
g y-gencatlg
942 ## - ADDED ENTRY ELEMENTS (KOHA)
Source of classification or shelving scheme Library of Congress Classification
Koha item type General Collection
Holdings
Withdrawn status Lost status Source of classification or shelving scheme Not for loan Home library Current library Shelving location Date acquired Source of acquisition Inventory number Total Checkouts Full call number Barcode Date last seen Copy number Price effective from Koha item type
    Library of Congress Classification   Kabarak, Main Campus Kabarak, Main Campus General Stacks 19/06/2026 Donation 2026/3988   BS680.E86 F54 2013 C.1 38073 19/06/2026 C.1 19/06/2026 General Collection